Audítori Národnej banky Slovenska
Práca spoločnosti Deloitte and Touche ako audítora NBS. Fázy auditu v NBS. Informácie o spoločnosti Deloitte and Touche ako súčasti Deloitte and Touche Tohmatsu International, jednej z najväčších medzinárodných spoločností.
Gespeichert in:
| 1. Verfasser: | |
|---|---|
| Format: | Buchkapitel |
| Sprache: | Slowakisch |
| Schlagworte: | |
| Tags: |
Keine Tags, Fügen Sie das erste Tag hinzu!
|
MARC
| LEADER | 00000naa a2200000 4500 | ||
|---|---|---|---|
| 001 | r018101 | ||
| 005 | 20221213095353.1 | ||
| 041 | 0 | |a slo | |
| 044 | |a SK | ||
| 245 | 1 | 0 | |a Audítori Národnej banky Slovenska |c S. Fast |
| 520 | |a Práca spoločnosti Deloitte and Touche ako audítora NBS. Fázy auditu v NBS. Informácie o spoločnosti Deloitte and Touche ako súčasti Deloitte and Touche Tohmatsu International, jednej z najväčších medzinárodných spoločností. | ||
| 610 | 2 | 0 | |a audítorstvo |
| 610 | 2 | 0 | |a audítori |
| 610 | 2 | 0 | |a NBS Bratislava |
| 610 | 2 | 0 | |a Deloitte and Touche Bratislava |
| 610 | 2 | 0 | |a závierka účtovná |
| 610 | 2 | 0 | |a Slovensko |
| 100 | 1 | |a Fast, S. | |